Prefactibilidad técnica y económica de una planta para la extracción de Bromelina con solventes orgánicos a partir del rastrojo de piña (Ananas Comosus)
Enregistré dans:
| Auteur principal: | |
|---|---|
| Autres auteurs: | |
| Format: | Livre |
| Publié: |
San José, Costa Rica
2008
|
| Sujets: | |
| Tags: |
Ajouter un tag
Pas de tags, Soyez le premier à ajouter un tag!
|
MARC
| LEADER | 00000nam a2200000Ia 4500 | ||
|---|---|---|---|
| 003 | 001304 | ||
| 005 | 20240111090156.0 | ||
| 008 | 140114s2008 cr a 000 | s d | ||
| 040 | |c cru CEDI | ||
| 090 | |a TFG 5827 | ||
| 100 | |a Alvarado Montoya, Francisco, 1981- |9 2146 | ||
| 245 | |a Prefactibilidad técnica y económica de una planta para la extracción de Bromelina con solventes orgánicos a partir del rastrojo de piña (Ananas Comosus) | ||
| 260 | |a San José, Costa Rica |c 2008 | ||
| 300 | |a x, 103 hojas; ilustraciones (algunas a color) | ||
| 500 | |a Proyecto de graduación (licenciatura en ingeniería química)--Universidad de Costa Rica. Facultad de Ingeniería. Escuela de Ingeniería Química | ||
| 501 | |a Director de Proyecto de Graduación: Ing. Michael Henry Chacón Scheidelaar | ||
| 650 | |x PIÑA |x RESIDUOS ORGANICOS |x APROVECHAMIENTO DE RESIDUO |x ASPECTOS ECONOMICOS |x BROMELINA |x PRODUCCION |x ANALISIS |9 3922 | ||
| 700 | |a Chacón Scheidelaar, Michael Henry, 1959-2010 |d Director del TFG |9 1524 | ||
| 942 | |c TFG |h TFG 5827 |i 001304 |6 TFG_5827_001304000000000 | ||
| 999 | |c 16408 |d 16408 | ||
